| 000 | 00677nam a2200181Ia 4500 | ||
|---|---|---|---|
| 008 | 100921s9999 xx 000 0 und d | ||
| 082 |
_b30564 _a891.463 थ 98 |
||
| 100 | _aमाडगूळकर व्यंकटेश दिगंबर. | ||
| 245 | _aमी आणि माझा बाप. | ||
| 260 |
_bपद्मगंधा प्रकाशन, पुणे. _c1998 |
||
| 300 |
_a96 _bरसिक साहित्य,पुणे |
||
| 365 | _b65 | ||
| 520 | _aललित-कथा. | ||
| 630 | _aमी आणि माझा बाप. | ||
| 650 | _aललित-कथा. | ||
| 730 | _aमी आणि माझा बाप. | ||
| 942 | _cBOOK | ||
| 999 |
_c779677 _d779674 |
||